|
|
|
|
| LEADER |
00000nam2a2200000 4500 |
| 001 |
211485 |
| 005 |
20260330162012.0 |
| 010 |
|
|
|a 5250010431
|
| 035 |
|
|
|a (RuTPU)RU\TPU\book\231030
|
| 035 |
|
|
|a RU\TPU\book\180292
|
| 090 |
|
|
|a 211485
|
| 100 |
|
|
|a 20120314g1989 m y0rusy5003 ca
|
| 101 |
0 |
|
|a rus
|
| 102 |
|
|
|a RU
|
| 105 |
|
|
|a a z 001zy
|
| 200 |
0 |
|
|a Т. 2: Н. К. Крупская
|
| 210 |
|
|
|d 1989
|
| 215 |
|
|
|a 384 с.
|c ил.
|
| 320 |
|
|
|a Имен. указ.: с. 374-383.
|
| 461 |
|
1 |
|0 (RuTPU)RU\TPU\book\200159
|y 5-250-01019-9
|t Воспоминания о Владимире Ильиче Ленине
|o в 10 т.
|f Институт марксизма-ленинизма при ЦК КПСС ; под ред. М. П. Мчедлова
|v Т. 2: Н. К. Крупская
|d 1989-
|
| 600 |
|
1 |
|a Ленин
|b В. И.
|c настоящая фамилия Ульянов
|c российский политический деятель
|f 1870-1924
|g Владимир Ильич
|2 stltpush
|3 (RuTPU)RU\TPU\pers\1074
|9 486
|
| 600 |
|
1 |
|a Крупская
|b Н. К.
|c российский политический деятель
|c жена В. И. Ленина
|f 1869-1939
|g Надежда Константиновна
|2 stltpush
|3 (RuTPU)RU\TPU\pers\496
|9 237
|
| 606 |
|
|
|a Ленин В. И.
|x Воспоминания о В. И. Ленине
|9 87706
|
| 610 |
1 |
|
|a воспоминания
|
| 610 |
1 |
|
|a деятельность
|
| 610 |
1 |
|
|a Коммунистическая партия
|
| 610 |
1 |
|
|a ссылка
|
| 610 |
1 |
|
|a эмиграция
|
| 610 |
1 |
|
|a Европа
|
| 610 |
1 |
|
|a Февральская революция 1917
|
| 686 |
|
|
|2 rubbk
|a Т3(2)6-8Ленин35,03
|
| 801 |
|
0 |
|a RU
|b 63413507
|c 19960705
|g psbo
|
| 801 |
|
1 |
|a RU
|b 63413507
|c 20090929
|
| 801 |
|
2 |
|a RU
|b 63413507
|c 20120420
|g RCR
|
| 942 |
|
|
|c BK
|